00181nam a2200073Ia 4500008004100000100001300041245003600054260001700090170817s9999 xx 000 0 und d aTRIPATHI 0aADHUNIK PRAYOGATTMAK MANOVIGYAN bH.P. BHARGAV